Řízení ekonomiky měsíční výběr z tisku socialistických zemí

Guardado en:
Detalles Bibliográficos
Formato: Seriadas
Lenguaje:checo
Publicado: Praha Československá tisková kancelář 1979
Etiquetas: Agregar Etiqueta
Sin Etiquetas, Sea el primero en etiquetar este registro!

MARC

LEADER 00000nas2a2200000 4500
001 0018730
005 20250730114402.3
041 0 |a cze 
044 |a CZ 
245 1 0 |a Řízení ekonomiky  |b měsíční výběr z tisku socialistických zemí 
264 1 |a Praha  |b Československá tisková kancelář  |c 1979 
300 |a 1 zv. 
773 0 |w eu_un_cat*s120464